Catálogo de pleitos y expedientes albacetenses en el Consejo Supremo de Castilla (1719-1834) / (Record no. 15751)
[ view plain ]
| 000 -LEADER | |
|---|---|
| campo de control de longitud fija | 01141nam a2200277 i 4500 |
| 001 - NÚMERO DE CONTROL | |
| campo de control | 15751 |
| 003 - IDENTIFICADOR DE NÚMERO DE CONTROL | |
| campo de control | ES-MaACL |
| 005 - FECHA Y HORA DE LA ÚLTIMA TRANSACCIÓN | |
| campo de control | 20230906151138.0 |
| 007 - CAMPO FIJO DE DESCRIPCIÓN FÍSICA--INFORMACIÓN GENERAL | |
| campo de control de longitud fija | t| |
| 008 - DATOS DE LONGITUD FIJA--INFORMACIÓN GENERAL | |
| campo de control de longitud fija | 000505s1998 sp c |||| | spa j |
| 020 ## - NÚMERO INTERNACIONAL ESTÁNDAR DEL LIBRO | |
| Número Internacional Estándar del Libro | 84-87136-90-7 |
| 080 ## - NÚMERO DE LA CLASIFICACIÓN DECIMAL UNIVERSAL | |
| Número de la Clasificación Decimal Universal | 930.255(460.27 M.) |
| 080 ## - NÚMERO DE LA CLASIFICACIÓN DECIMAL UNIVERSAL | |
| Número de la Clasificación Decimal Universal | 016:946.028.8"17/18"(093) |
| 100 1# - ENTRADA PRINCIPAL--NOMBRE DE PERSONA | |
| Nombre de persona | Rodríguez de la Torre, Fernando. |
| 9 (RLIN) | 98456 |
| 245 10 - MENCIÓN DEL TÍTULO | |
| Título | Catálogo de pleitos y expedientes albacetenses en el Consejo Supremo de Castilla (1719-1834) / |
| Mención de responsabilidad, etc. | Fernando Rodríguez de la Torre. |
| 260 ## - PUBLICACIÓN, DISTRIBUCIÓN, ETC. | |
| Lugar de publicación, distribución, etc. | Albacete : |
| Nombre del editor, distribuidor, etc. | Instituto de Estudios Albacetenses "Don Juan Manuel", |
| Fecha de publicación, distribución, etc. | 1998. |
| 300 ## - DESCRIPCIÓN FÍSICA | |
| Extensión | 222 p ; |
| Dimensiones | 22 cm. |
| 490 1# - MENCIÓN DE SERIE | |
| Mención de serie | Serie 0--Corpus, documenta y bibliografía ; |
| Designación de volumen o secuencia | 8 |
| 610 27 - PUNTO DE ACCESO ADICIONAL DE MATERIA--NOMBRE DE ENTIDAD CORPORATIVA | |
| Nombre de entidad corporativa o nombre de jurisdicción como elemento de entrada | Archivo Histórico Nacional (España)- |
| Subdivisión de forma | Catálogos. |
| 9 (RLIN) | 1451 |
| 651 #4 - PUNTO DE ACCESO ADICIONAL DE MATERIA--NOMBRE GEOGRÁFICO | |
| Nombre geográfico | Albacete (Provincia)- |
| Subdivisión general | Historia- |
| Subdivisión cronológica | S.XVIII- |
| Subdivisión de forma | Fuentes- |
| -- | Bibliografías. |
| 9 (RLIN) | 167860 |
| 651 #4 - PUNTO DE ACCESO ADICIONAL DE MATERIA--NOMBRE GEOGRÁFICO | |
| Nombre geográfico | Albacete (Provincia)- |
| Subdivisión general | Historia- |
| Subdivisión cronológica | S.XIX- |
| Subdivisión de forma | Fuentes- |
| -- | Bibliografías. |
| 9 (RLIN) | 167861 |
| 710 2# - ENTRADA AGREGADA--NOMBRE DE ENTIDAD CORPORATIVA | |
| Nombre de entidad corporativa o nombre de jurisdicción como elemento de entrada | Instituto de Estudios Albacetenses. |
| 9 (RLIN) | 4884 |
| 830 0# - PUNTO DE ACCESO ADICIONAL DE SERIE-TÍTULO UNIFORME | |
| Título uniforme | Serie 0--Corpus, documenta y bibliografía ; |
| Designación de volumen o secuencia | 8 |
| 9 (RLIN) | 179464 |
| 852 ## - LOCALIZACIÓN | |
| Ubicación | ES-MaACL |
| Número de control de estantería | L-23031 |
| Estatus retirado | Estado de pérdida | Fuente del sistema de clasificación o colocación | Estado de daño | No para préstamo | Biblioteca de origen | Biblioteca actual | Ubicación en estantería | Fecha de adquisición | Total de préstamos | Signatura topográfica completa | Código de barras | Visto por última vez | Precio de reemplazo | Tipo de ítem Koha |
|---|---|---|---|---|---|---|---|---|---|---|---|---|---|---|
| Clasificación decimal universal | Biblioteca del Ateneo de Madrid | Biblioteca del Ateneo de Madrid | Depósito 2 | 17/01/2008 | L-23031 | 1016010 | 23/02/2023 | 23/02/2023 | Libro impreso |
